| 000 | 00450nam a2200181Ia 4500 | ||
|---|---|---|---|
| 003 | OSt | ||
| 005 | 20230606201734.0 | ||
| 008 | 210423s2006 xx 000 0 und d | ||
| 040 | _cAL | ||
| 041 | _aeng | ||
| 082 |
_a158.3 _223 _bCHUC |
||
| 100 |
_aCHUNKAPURA (G). _9120312 |
||
| 245 | _aCounselling children and youth. | ||
| 260 |
_aKottayam _bTRADA _c2006 |
||
| 365 |
_b280 _cINR |
||
| 906 | _achildren ; Counselling ; youth. | ||
| 942 |
_2ddc _cBK |
||
| 999 |
_c175914 _d175914 |
||